Equipos de futbol #1 - Estadísticas

Estadísticas generales
  • Esta prueba ha sido intentada 85 veces
    41 desde el último reinicio
  • La puntuación promedio es 19 de 22
Estadísticas de respuestas
Imagen Respuesta % Correcto
Barcelona
100%
Real Madrid
100%
Juventus
97%
Bayern Munich
94%
Milan
94%
Leverkusen
87%
Liverpool
87%
Real Betis
87%
Valencia
87%
West Ham
87%
Celtic
84%
Chelsea
84%
Girona
84%
Manchester city
84%
Manchester united
84%
Real Sociedad
84%
Tottenham
84%
Wolves
84%
Athletic Club
81%
Boca Juniors
77%
Santos
77%
Inter Milan
61%
No se encontraron pruebas coincidentes
Distribución de puntuación
Porcentaje de gente con cada puntuación
Porcentaje por número respondido
Historial de tus puntuaciones
No has intentado esta prueba desde el último reinicio